| 000 | 00520aam a2200217 4500 | ||
|---|---|---|---|
| 005 | 20250523192919.0 | ||
| 008 | 150420b1999 xxu||||| |||| 00| 0 spa d | ||
| 020 | _a9789501519341 | ||
| 041 | _aESP | ||
| 082 | _a613.792 O99c | ||
| 100 |
_aOzanier, Naomi _934270 |
||
| 245 | _a101 consejos esenciales: meditación | ||
| 260 | _aArgentina | ||
| 260 | _bGrupo Zeta | ||
| 260 | _c1999 | ||
| 300 | _a72 pƔginas | ||
| 650 | _aMEDITACIONES | ||
| 650 | _aCONCIENCIA | ||
| 650 | _aCAMBIOS DE VIDA | ||
| 942 |
_cBK _2ddc |
||
| 999 |
_c4845 _d4845 |
||